000 00391nam a2200145 i 4500
001 80824
003 ES-MaACL
005 20230906174316.0
007 t|
008 041029s1953 ag ||||1| spa d
245 0 3 _aLa hora de los pueblos
_b: homenajes.
260 _a[S.l. :
_bs.n.,
_c1953] (
_fImp. S.I.P.A.)
300 _a47 p., 5 lám. ;
_c22 cm.
852 _aES-MaACL
_j2035-F-12
_bR.34786
999 _c80824
_d80824